<?xml version="1.0" encoding="UTF-8"?>
<record
    xmlns:xsi="http://www.w3.org/2001/XMLSchema-instance"
    xsi:schemaLocation="http://www.loc.gov/MARC21/slim http://www.loc.gov/standards/marcxml/schema/MARC21slim.xsd"
    xmlns="http://www.loc.gov/MARC21/slim">

  <leader>01608cam a22003857a 4500</leader>
  <datafield tag="952" ind1=" " ind2=" ">
    <subfield code="0">0</subfield>
    <subfield code="1">0</subfield>
    <subfield code="2">ddc</subfield>
    <subfield code="4">0</subfield>
    <subfield code="7">0</subfield>
    <subfield code="8">KCHR</subfield>
    <subfield code="a">MES</subfield>
    <subfield code="b">MES</subfield>
    <subfield code="c">GEN</subfield>
    <subfield code="d">2022-08-27</subfield>
    <subfield code="g">150.00</subfield>
    <subfield code="l">0</subfield>
    <subfield code="o">894.8117 KES/M</subfield>
    <subfield code="p">41531</subfield>
    <subfield code="r">2022-08-27 00:00:00</subfield>
    <subfield code="w">2022-08-27</subfield>
    <subfield code="y">REF</subfield>
    <subfield code="z">GL35R2</subfield>
  </datafield>
  <datafield tag="999" ind1=" " ind2=" ">
    <subfield code="c">41505</subfield>
    <subfield code="d">41505</subfield>
  </datafield>
  <controlfield tag="001">17316096</controlfield>
  <controlfield tag="003">OSt</controlfield>
  <controlfield tag="005">20220827113122.0</controlfield>
  <controlfield tag="008">120523s2011    ii            000 0 eng  </controlfield>
  <datafield tag="010" ind1=" " ind2=" ">
    <subfield code="a">  2012351344</subfield>
  </datafield>
  <datafield tag="020" ind1=" " ind2=" ">
    <subfield code="a">8185499411</subfield>
  </datafield>
  <datafield tag="020" ind1=" " ind2=" ">
    <subfield code="a">9789380419213 </subfield>
  </datafield>
  <datafield tag="025" ind1=" " ind2=" ">
    <subfield code="a">I-San-2012-351344; 11</subfield>
  </datafield>
  <datafield tag="037" ind1=" " ind2=" ">
    <subfield code="b">Library of Congress -- New Delhi Overseas Office</subfield>
  </datafield>
  <datafield tag="040" ind1=" " ind2=" ">
    <subfield code="a">DLC</subfield>
    <subfield code="c">DLC</subfield>
    <subfield code="d">DLC</subfield>
  </datafield>
  <datafield tag="041" ind1="1" ind2=" ">
    <subfield code="a">eng</subfield>
    <subfield code="a">san</subfield>
    <subfield code="h">san</subfield>
  </datafield>
  <datafield tag="042" ind1=" " ind2=" ">
    <subfield code="a">lcode</subfield>
  </datafield>
  <datafield tag="050" ind1=" " ind2="0">
    <subfield code="a">MLCSA 2012/01304 (P)</subfield>
    <subfield code="a">PK3798.V15184</subfield>
  </datafield>
  <datafield tag="082" ind1=" " ind2=" ">
    <subfield code="a">894.8117</subfield>
    <subfield code="b">KES/M</subfield>
  </datafield>
  <datafield tag="100" ind1="0" ind2=" ">
    <subfield code="a">V&#x101;&#xF1;ch&#x101;n&#x101;tha,</subfield>
    <subfield code="d">active 18th century.</subfield>
  </datafield>
  <datafield tag="240" ind1="1" ind2="0">
    <subfield code="a">Mahi&#x1E63;a&#x15B;ataka.</subfield>
    <subfield code="l">English &amp; Sanskrit</subfield>
  </datafield>
  <datafield tag="245" ind1="1" ind2="0">
    <subfield code="a">Mahi&#x1E63;a&#x15B;atakam /</subfield>
    <subfield code="c">V&#x101;&#xF1;che&#x15B;varakavipra&#x1E47;&#x12B;tam ; Kave&#x1E25; n&#x101;ptr&#x101; V&#x101;&#xF1;che&#x15B;varayajvan&#x101; pra&#x1E47;&#x12B;tay&#x101; &#x15A;le&#x1E63;&#x101;rthacandrikay&#x101; vy&#x101;khyay&#x101; sahitam ; samp&#x101;danam, avat&#x101;rik&#x101;, &#x100;&#x1E45;galaparibh&#x101;&#x1E63;&#x101; ca Ke&#x15B;avan Ve&#x1E37;utta&#x1E6D;&#x1E6D;.</subfield>
  </datafield>
  <datafield tag="246" ind1="1" ind2="5">
    <subfield code="a">&#x15A;r&#x12B; V&#x101;&#xF1;che&#x15B;vara D&#x12B;k&#x1E63;ita's Mahi&#x1E63;a&#x15B;atakam</subfield>
  </datafield>
  <datafield tag="260" ind1=" " ind2=" ">
    <subfield code="a">Ko&#x1E6D;&#x1E6D;ayam, Keral&#x101; :</subfield>
    <subfield code="b">Mah&#x101;tm&#x101; G&#x101;ndh&#x12B; Sarvakal&#x101;&#x15B;&#x101;l&#x101;,</subfield>
    <subfield code="c">2011.</subfield>
  </datafield>
  <datafield tag="300" ind1=" " ind2=" ">
    <subfield code="a">103 p. ;</subfield>
    <subfield code="c">22 cm.</subfield>
  </datafield>
  <datafield tag="500" ind1=" " ind2=" ">
    <subfield code="a">Poem.</subfield>
  </datafield>
  <datafield tag="520" ind1=" " ind2=" ">
    <subfield code="a">Satirical poem with Sanskrit commentary and English translation.</subfield>
  </datafield>
  <datafield tag="546" ind1=" " ind2=" ">
    <subfield code="a">English and Sanskrit.</subfield>
  </datafield>
  <datafield tag="700" ind1="1" ind2=" ">
    <subfield code="a">Veluthat, Kesavan,</subfield>
    <subfield code="d">1951-</subfield>
    <subfield code="9">3112</subfield>
  </datafield>
  <datafield tag="700" ind1="0" ind2="2">
    <subfield code="a">V&#x101;&#xF1;che&#x15B;varayajvan.</subfield>
    <subfield code="t">&#x15A;le&#x1E63;&#x101;rthacandrik&#x101;.</subfield>
  </datafield>
  <datafield tag="710" ind1="2" ind2=" ">
    <subfield code="9">9082</subfield>
    <subfield code="a">Kerala Council for Historical Research</subfield>
  </datafield>
  <datafield tag="906" ind1=" " ind2=" ">
    <subfield code="a">7</subfield>
    <subfield code="b">cbc</subfield>
    <subfield code="c">origode</subfield>
    <subfield code="d">4</subfield>
    <subfield code="e">ncip</subfield>
    <subfield code="f">20</subfield>
    <subfield code="g">y-gencatlg</subfield>
  </datafield>
  <datafield tag="942" ind1=" " ind2=" ">
    <subfield code="2">ddc</subfield>
    <subfield code="c">REF</subfield>
    <subfield code="h">894.8117</subfield>
    <subfield code="i">KES/M</subfield>
    <subfield code="k">894.8117</subfield>
    <subfield code="m">KES/M</subfield>
  </datafield>
</record>
